[Event "Llucmajor op 5th"]
[Site "Llucmajor"]
[Date "2016.05.13"]
[Round "7"]
[White "Granda Zuniga, Julio E"]
[Black "Edouard, Romain"]
[Result "1-0"]
[WhiteElo "2686"]
[BlackElo "2641"]
[Annotator "Edouard,Romain"]
[PlyCount "57"]
[EventDate "2016.05.08"]
[EventType "swiss"]
[EventRounds "9"]
[EventCountry "ESP"]
[SourceTitle "CBM 173"]
[Source "ChessBase"]
[SourceDate "2016.07.12"]
[SourceVersion "1"]
[SourceVersionDate "2016.07.12"]
[SourceQuality "1"]

1. Nf3 {Besenthal,Klaus Guenter} d5 2. c4 d4 3. b4 f6 4. Na3 {An interesting idea, wanting to put the white knight on c2 and benefit from the b4-move, that Benko players dream to be able to play. However, it is of course not such a big deal with the white pieces.} e5 5. Nc2 a5 (5... Na6 $5 {with the idea ...c5 as Topalov played in 2016 in Paris is a smart answer.}) ({I had fun playing} 5... g5 $5 {against Etienne Bacrot almost a year before. The game ended up in my opponent's favour but it was quite unclear!}) ({RR} 5... c5 6. bxc5 Bxc5 7. d3 Nc6 8. g3 Nge7 9. Bg2 O-O 10. O-O Be6 11. Nd2 f5 12. Rb1 b6 13. Ba3 Bxa3 14. Nxa3 Rc8 15. Qa4 Qd7 16. Nb5 a5 17. Qa3 Nb4 18. Nf3 Ng6 19. Ng5 Kh8 20. Nxe6 {Aronian,L (2792)-Caruana,F (2804) Paris 2016 CBM 173 [Besenthal,Klaus Guenter] 1-0 (60)}) ({RR} 5... Bd7 6. b5 a6 7. e3 dxe3 8. Nxe3 Nh6 9. Qc2 Nf7 10. Rb1 Bc5 11. Bd3 g6 12. O-O c6 13. a4 Kf8 14. Bb2 Kg7 15. Be2 Bc8 16. Qc3 Qd6 17. d4 exd4 18. Nxd4 Bxd4 19. Qxd4 Qxd4 20. Bxd4 {Bauer,C (2644)-Edouard,R (2620) Switzerland 2016 ½-½ (52)}) 6. b5 Nd7 ({RR} 6... Bc5 7. d3 Ne7 8. g3 O-O 9. Bg2 Be6 10. Nd2 Ra7 11. Nb3 Nd7 12. Nxc5 Nxc5 13. Ba3 b6 14. O-O Bc8 15. Qd2 Qd6 16. f4 Bb7 17. fxe5 Qxe5 18. Bxb7 Rxb7 19. Rf4 Rd8 20. Bb2 c6 21. Nxd4 {Ivanchuk,V (2619)-Frischmann,R (2344) chess.com INT 2025 1-0}) 7. d3 Nc5 (7... Bd6 {with the idea to delay ...c5 and answer} 8. e3 dxe3 9. Bxe3 {with} Ne7 {was probably smarter. Black is definitely fine.}) 8. e3 $146 ({RR} 8. g3 b6 9. Bg2 Bb7 10. O-O Bd6 11. e3 dxe3 12. Bxe3 Ne7 13. d4 exd4 14. Ncxd4 O-O 15. Re1 Qe8 16. Nh4 Bxg2 17. Kxg2 Rd8 18. Qc2 Qf7 19. Ndf5 Nxf5 20. Nxf5 Rfe8 21. Rad1 Bf8 22. Rxd8 Rxd8 {Londyn,R (2422)-Cernousek,L (2494) Prague 2016 ½-½ (41)}) 8... dxe3 9. Bxe3 Bd6 10. Nd2 (10. d4 {was critical, but after} exd4 11. Nfxd4 Ne7 {Black is fine:} (11... Qe7 $5) 12. Qh5+ g6 13. Qh6 Nf5 14. Nxf5 Bxf5 15. O-O-O Qe7 16. Bxc5 Bxc5 17. Bd3 O-O-O $15) 10... Ne7 $2 {The only way to justify White's last move!} ({After} 10... f5 {White would be in trouble and have to play} 11. Bxc5 Bxc5 12. Qe2 Qe7 13. g3 Nf6 14. Bg2 O-O 15. O-O {in order not to be clearly worse.}) 11. Ne4 b6 $5 (11... Nxe4 12. dxe4 b6 13. c5 Bxc5 14. Qxd8+ Kxd8 15. Bxc5 bxc5 16. O-O-O+ Bd7 17. Bc4 Nc8 $132) 12. Qh5+ Kf8 ({I considered} 12... Ng6 13. Bxc5 Bxc5 14. Nxc5 bxc5 15. Qf3 {to be bad for me but after} Rb8 16. Qc6+ Kf7 17. Qxc5 Nf4 {with the idea} 18. O-O-O Ne6 {the engine claims Black has enough compensation for being the pawn down!}) 13. Be2 (13. Nxd6 Qxd6 14. d4 exd4 15. Nxd4 Ne6 $132) 13... Bf5 $6 (13... Nf5 {was natural and fine for Black.}) 14. Bxc5 Bxc5 15. Nxc5 bxc5 16. O-O Qd6 17. f4 {A very interesting try. From here on my opponent played a wonderful game!} (17. Ne3 Bg6 18. Qf3 Rd8 $132) 17... exf4 18. Qf3 Kf7 19. Qxf4 Qxf4 20. Rxf4 Rhd8 $6 {A faulty try at being smart.} (20... Rad8 21. Rd1 Rhe8 22. Ne3 Bg6 {was fine for Black:} 23. Kf2 (23. d4 $2 Nf5 $17) 23... Rd6 24. d4 $2 Re6 $17) 21. Rd1 Rd6 $6 (21... g5 22. Rf2 Rd6 23. Ne3 Bg6 $132 {was the right way.}) 22. Ne3 Be6 23. d4 cxd4 ({I had missed that after} 23... g5 {White could play} 24. Re4 $1 f5 25. Bh5+ Kf6 26. Rf1 cxd4 27. c5 $1 {with a clear advantage, as} Rdd8 $4 {is would be met by} 28. Ng4+ $18) 24. Rfxd4 (24. c5 {was perhaps stronger, with the idea} Rdd8 25. Rdxd4 Rxd4 26. Rxd4 Bxa2 $2 27. Rd7 $16) 24... Rad8 $2 {Exchanging the rooks on d4 was mandatory.} 25. Rxd6 Rxd6 26. Kf2 $2 ({I had considered} 26. Rxd6 cxd6 27. b6 Ke8 {to hold for Black but had missed the move} 28. c5 $1 {after which White is probably winning}) 26... f5 $4 (26... Nc8 {was required, although White is definitely a bit better.}) 27. Rxd6 cxd6 28. Nc2 (28. b6 Ke8 29. c5 $1 {was (again) even stronger.}) 28... f4 $2 {Missing a very easy tactic.} (28... Nc8 29. Ke3 {was very difficult for Black, but not lost.}) 29. Nd4 (29. Nd4 Nc8 30. Nxe6 Kxe6 31. Bg4+ $18) 1-0

[Event "EU-ch 17th"]
[Site "Gjakova"]
[Date "2016.05.13"]
[Round "2"]
[White "Saric, Ivan"]
[Black "Mastrovasilis, Athanasios"]
[Result "1-0"]
[WhiteElo "2650"]
[BlackElo "2542"]
[PlyCount "125"]
[EventDate "2016.05.12"]
[EventType "swiss"]
[EventRounds "11"]
[EventCountry "KOS"]
[SourceTitle "CBM 173"]
[Source "ChessBase"]
[SourceDate "2016.07.12"]
[SourceVersion "1"]
[SourceVersionDate "2016.07.12"]
[SourceQuality "1"]

1. g3 d5 2. Nf3 Bg4 3. Bg2 Nd7 4. d3 e5 5. Nbd2 Ngf6 6. h3 Bh5 7. g4 Bg6 8. Nh4 c6 9. e3 Bd6 10. Qe2 $146 ({RR} 10. b3 Qe7 11. Bb2 O-O 12. O-O Rad8 13. a3 Rfe8 14. Qe2 Bc7 15. Rfe1 Nf8 16. Nf1 N6d7 17. Nf5 Bxf5 18. gxf5 Qg5 19. Qg4 Qh6 20. Rad1 Nf6 21. Qb4 Rd7 22. Qxb7 Ba5 23. Qxc6 Rc7 24. Qd6 Rxc2 {Hickl,J (2567)-Dobosz,H (2379) Germany 2014 ½-½ (39)}) 10... Qe7 11. a3 Nc5 12. b3 O-O-O 13. Bb2 Kb8 14. O-O-O e4 15. d4 Ne6 16. b4 a5 17. c3 Nd7 18. Nf5 Bxf5 19. gxf5 Nc7 20. f3 exf3 21. Qxf3 axb4 22. axb4 Nf6 23. Rde1 Rde8 24. Qd1 Bg3 25. Re2 Nb5 26. Bf3 Nd6 27. Qc2 Nfe4 28. Bxe4 Nxe4 29. Nxe4 Qxe4 30. Qxe4 Rxe4 31. Rg1 Bf4 32. Rxg7 Bxe3+ 33. Kd1 f6 34. b5 cxb5 35. Ba3 Bf4 36. Rxe4 dxe4 37. Rg4 Bh2 38. Rxe4 Rc8 39. Bb4 Rc6 40. Re6 Kc7 41. Kc2 h5 42. Kb3 Ra6 43. Be7 Kd7 44. Rxa6 bxa6 45. Bxf6 a5 46. Be5 Bg1 47. c4 bxc4+ 48. Kxc4 Be3 49. Kb5 Bd2 50. d5 Bb4 51. Bb2 Kd6 52. Kc4 Bd2 53. f6 Kd7 54. Ba3 Ke8 55. d6 Kd7 56. Kd5 Bc3 57. f7 Bg7 58. Bc5 a4 59. Bb4 h4 60. Ba3 Bf8 61. Ke5 Bg7+ 62. Kf5 Bf8 63. Kg6 1-0

[Event "EU-ch 17th"]
[Site "Gjakova"]
[Date "2016.05.22"]
[Round "10"]
[White "Howell, David"]
[Black "Brunello, Sabino"]
[Result "1-0"]
[WhiteElo "2671"]
[BlackElo "2573"]
[PlyCount "69"]
[EventDate "2016.05.12"]
[EventType "swiss"]
[EventRounds "11"]
[EventCountry "KOS"]
[SourceTitle "CBM 173"]
[Source "ChessBase"]
[SourceDate "2016.07.12"]
[SourceVersion "1"]
[SourceVersionDate "2016.07.12"]
[SourceQuality "1"]

1. Nf3 d5 2. c4 d4 3. b4 a5 4. Qa4+ Bd7 5. b5 Bg4 6. Ne5 Bf5 7. g4 Be4 8. f3 f6 9. fxe4 $146 ({RR} 9. Nf7 Kxf7 10. fxe4 e5 11. c5 g5 12. d3 Kg7 13. Ba3 Nd7 14. Qc4 b6 15. c6 Bxa3 16. Nxa3 Nc5 17. Qc2 h5 18. gxh5 Rxh5 19. h3 Ne7 20. O-O-O Ne6 21. Nc4 Ng6 22. Rg1 Qe7 23. e3 Rd8 {Hamitevici,V (2439)-Brunello,S (2553) Skopje 2015 0-1 (39)}) 9... fxe5 10. c5 e6 11. Qc4 Nd7 12. c6 bxc6 13. Qxe6+ Qe7 14. Qxc6 Qh4+ 15. Kd1 Rb8 16. d3 Bb4 17. Nd2 Ne7 18. Qc4 Rf8 19. a4 Qxg4 20. Ba3 Bxa3 21. Rxa3 Nc8 22. Ra1 Ncb6 23. Qc2 Rf6 24. h3 Qe6 25. Rc1 Qd6 26. h4 Qb4 27. Bh3 Qxa4 28. Qxa4 Nxa4 29. Rxc7 Nac5 30. Nc4 Rxb5 31. Kc2 Kd8 32. Ra7 Rf2 33. Bg4 a4 34. h5 Rb4 35. Rg1 1-0

[Event "Cheliabinsk Kurnosov Memorial rapid"]
[Site "Cheliabinsk"]
[Date "2016.05.26"]
[Round "4"]
[White "Khismatullin, Denis Rimovich"]
[Black "Yudin, Sergei"]
[Result "1-0"]
[WhiteElo "2609"]
[BlackElo "2530"]
[PlyCount "67"]
[EventDate "2016.05.26"]
[EventType "swiss (rapid)"]
[EventRounds "11"]
[EventCountry "RUS"]
[SourceTitle "CBM 172 Extra"]
[Source "ChessBase"]
[SourceDate "2016.06.21"]
[SourceVersion "1"]
[SourceVersionDate "2016.06.21"]
[SourceQuality "1"]

1. Nf3 e6 2. g3 b5 3. Bg2 Bb7 4. O-O Nf6 5. d3 c5 6. e4 d6 7. Ng5 h6 8. Nh3 Nbd7 9. f4 Qc7 10. Nf2 $146 ({RR} 10. Qe2 Rc8 11. Nc3 a6 12. Nd1 Be7 13. Ndf2 e5 14. c3 O-O 15. g4 exf4 16. Bxf4 Nh7 17. Rae1 Ne5 18. Bg3 Qd8 19. Nf4 Bh4 20. Nh1 Re8 21. h3 g6 22. Qf2 Bxg3 23. Nxg3 Rc7 24. Re3 Qh4 {Schlosser,P (2503)-Volkmann,F (2402) Austria 2018 1-0 (41)}) ({RR} 10. a3 Be7 11. Nc3 a6 12. g4 g6 13. Bd2 Rc8 14. Qe2 Bc6 15. Rae1 Qb7 16. g5 hxg5 17. fxg5 Nh5 18. Nd5 Bd8 19. Bc3 Ne5 20. b4 cxb4 21. axb4 O-O 22. Ndf4 Nxf4 23. Rxf4 Bxe4 24. Rxe4 Rxc3 {Lobanov,S (2506)-Pingin,A (2455) Sochi RUS 2024 0-1 (46)}) ({RR} 10. Qe2 Be7 11. Be3 a5 12. Nd2 a4 13. c3 e5 14. d4 O-O 15. fxe5 dxe5 16. d5 c4 17. a3 Bc5 18. Bxc5 Qxc5+ 19. Kh1 Ra6 20. Nf2 Bc8 21. Bh3 Qe7 22. Nf3 Nc5 23. Bxc8 Rxc8 24. Rad1 g6 {Mons,L (2514)-Karthik,R (2302) Reykjavik ISL 2023 1-0 (48)}) 10... Be7 11. Nd2 g5 12. fxg5 hxg5 13. Nf3 g4 14. Ng5 Ne5 15. c3 Rg8 16. d4 Nf3+ 17. Nxf3 gxf3 18. Qxf3 O-O-O 19. a4 a6 20. axb5 axb5 21. Qe2 c4 22. d5 exd5 23. exd5 Rde8 24. Qf3 Bxd5 25. Qf5+ Qd7 26. Qxd5 Nxd5 27. Ra8+ Kc7 28. Ra7+ Kd8 29. Rxd7+ Kxd7 30. Bxd5 Rg7 31. Ne4 Bd8 32. Be3 Rh7 33. Bd4 Rf8 34. Ra1 1-0

[Event "Chicago op 25th"]
[Site "Chicago"]
[Date "2016.05.29"]
[Round "7"]
[White "Petrosian, Tigran L"]
[Black "Shimanov, Aleksandr"]
[Result "1-0"]
[WhiteElo "2593"]
[BlackElo "2631"]
[PlyCount "80"]
[EventDate "2016.05.26"]
[EventType "swiss"]
[EventRounds "9"]
[EventCountry "USA"]
[SourceTitle "CBM 172 Extra"]
[Source "ChessBase"]
[SourceDate "2016.06.21"]
[SourceVersion "1"]
[SourceVersionDate "2016.06.21"]
[SourceQuality "1"]

1. g3 g6 2. Bg2 Bg7 3. d4 c5 4. c3 cxd4 5. cxd4 d5 6. Nc3 e6 7. Nf3 Nc6 8. Bf4 Nge7 9. Qd2 Nf5 10. Nb5 O-O 11. g4 Nfe7 12. h3 Bd7 13. Bc7 $146 ({RR} 13. O-O a6 14. Nc3 Rc8 15. Rfc1 Na7 16. a4 Nac6 17. Rab1 Na5 18. b3 Re8 19. Bd6 Nec6 20. e4 dxe4 21. Nxe4 Ne7 22. Nc5 Bc6 23. Be5 Bxf3 24. Bxg7 Kxg7 25. Bxf3 b6 26. Nxa6 {½-½ (26) Miles,A (2590)-Sosonko,G (2595) Tilburg 1981}) 13... Qc8 14. Bd6 a6 15. Nc3 Qd8 16. O-O Na7 17. Rfc1 Bc6 18. Ba3 Re8 19. Ne5 Qb8 20. e3 Qd8 21. Rc2 Nec8 22. Nxc6 Nxc6 23. Na4 Rb8 24. Rac1 Bf8 25. Bxf8 Rxf8 26. Nc5 N6e7 27. e4 dxe4 28. Nxe4 Nd5 29. Qh6 Nd6 30. Ng5 Nf6 31. a4 Re8 32. Rc3 Re7 33. Rf3 Rd7 34. Rxf6 Qxf6 35. Qxh7+ Kf8 36. Nxe6+ Ke7 37. Re1 Ne4 38. Rxe4 Kd6 39. g5 Qf5 40. Qh4 Kd5 1-0

[Event "Zalakaros op 35th"]
[Site "Zalakaros"]
[Date "2016.06.01"]
[Round "6"]
[White "Efimenko, Zahar"]
[Black "Andersen, Mads"]
[Result "1-0"]
[WhiteElo "2656"]
[BlackElo "2505"]
[PlyCount "53"]
[EventDate "2016.05.27"]
[EventType "swiss"]
[EventRounds "9"]
[EventCountry "HUN"]
[SourceTitle "CBM 172 Extra"]
[Source "ChessBase"]
[SourceDate "2016.06.21"]
[SourceVersion "1"]
[SourceVersionDate "2016.06.21"]
[SourceQuality "1"]

1. Nf3 d5 2. g3 c6 3. Bg2 Bg4 4. O-O Nd7 5. d3 e6 6. h3 Bh5 7. e4 Bd6 8. exd5 exd5 9. c4 Ne7 10. Nc3 dxc4 ({RR} 10... O-O 11. cxd5 Nxd5 12. Nxd5 cxd5 13. Qb3 Qb6 14. Qxd5 Nf6 15. Qb3 Bc5 16. d4 Qxb3 17. axb3 Bb6 18. Bf4 Nd5 19. Be3 f6 20. Nd2 Bf7 21. Nc4 Rfd8 22. Rfd1 Rac8 23. h4 Be6 24. Nxb6 axb6 25. Ra7 {Efimenko,Z (2601)-Yurovskich,O (2242) Chess.com INT 2021 1-0 (66)}) 11. dxc4 Ne5 $146 ({RR} 11... Bc7 12. Re1 O-O 13. b3 Ba5 14. Bb2 Re8 15. a3 Bc7 16. Ne4 Be5 17. Nxe5 Bxd1 18. Raxd1 Nxe5 19. Rxd8 Raxd8 20. Bxe5 Ng6 21. Bc7 Rc8 22. Ba5 b6 23. Bc3 Rcd8 24. Kf1 Kf8 25. Nd2 Rd3 26. Rxe8+ {Khairullin,I (2657)-Pashikian,A (2603) Legnica 2013 1-0}) 12. g4 Bg6 13. Nxe5 Bxe5 14. Be3 O-O 15. f4 Bxc3 16. bxc3 f5 17. Bc5 Re8 18. Re1 Nc8 19. Qxd8 Rxd8 20. Bd4 Rd7 21. a4 Bf7 22. a5 a6 23. Bc5 Rd8 24. Rad1 Rxd1 25. Rxd1 Bxc4 26. Rd8+ Kf7 27. gxf5 1-0

[Event "American Continental 12th"]
[Site "San Salvador"]
[Date "2016.05.30"]
[Round "4"]
[White "Cordova, Emilio"]
[Black "Oliva Castaneda, Kevel"]
[Result "1-0"]
[WhiteElo "2602"]
[BlackElo "2500"]
[PlyCount "71"]
[EventDate "2016.05.28"]
[EventType "swiss"]
[EventRounds "11"]
[EventCountry "ESA"]
[SourceTitle "CBM 172 Extra"]
[Source "ChessBase"]
[SourceDate "2016.06.21"]
[SourceVersion "1"]
[SourceVersionDate "2016.06.21"]
[SourceQuality "1"]

1. Nf3 Nf6 2. g3 g6 3. Bg2 Bg7 4. b3 Ne4 5. c3 O-O 6. Bb2 d5 7. d3 Nd6 8. O-O c5 9. Re1 $146 ({RR} 9. Nbd2 Nc6 10. e4 dxe4 11. dxe4 Qc7 12. Qe2 e5 13. Rfd1 b6 14. Nf1 Bb7 15. N3d2 Ne7 16. Ne3 f5 17. exf5 gxf5 18. Ndc4 Nf7 19. Nd5 Nxd5 20. Bxd5 Rad8 21. Bxb7 Qxb7 22. Rxd8 Rxd8 23. Rd1 Rd7 {Jussupow,A (2490)-Chiburdanidze,M (2380) Baku 1979 ½-½}) 9... e5 10. Nfd2 Be6 11. c4 d4 12. b4 cxb4 13. a3 Nc6 14. Nb3 Qc7 15. Nc5 Bc8 16. axb4 Nxb4 17. Ba3 Qxc5 18. Qb3 Qc7 19. Bxb4 Re8 20. Nd2 a6 21. Reb1 Ra7 22. Ba5 Qb8 23. Bb6 Ra8 24. Bc5 Bf8 25. h3 Qc7 26. Bb6 Qd7 27. Ra5 Kg7 28. Rc5 Re7 29. Rd5 Qe6 30. Bc5 Rd7 31. Qa3 a5 32. Rb6 Ra6 33. Rxa6 bxa6 34. Ne4 Bb7 35. Nxd6 Rc7 36. Ne4 1-0

[Event "FRA-chT Top 12"]
[Site "Drancy"]
[Date "2016.05.28"]
[Round "1.1"]
[White "Maze, Sebastien"]
[Black "Pelletier, Yannick"]
[Result "1-0"]
[WhiteElo "2614"]
[BlackElo "2558"]
[Annotator "RR"]
[PlyCount "147"]
[EventDate "2016.05.28"]
[EventType "team-tourn"]
[EventRounds "11"]
[EventCountry "FRA"]
[SourceTitle "CBM 172 Extra"]
[Source "ChessBase"]
[SourceDate "2016.06.21"]
[SourceVersion "1"]
[SourceVersionDate "2016.06.21"]
[SourceQuality "1"]
[WhiteTeam "Bois Colombes"]
[BlackTeam "Bischwiller"]
[WhiteTeamCountry "FRA"]
[BlackTeamCountry "FRA"]
[TimeControl "40/5400+30:1800+30"]

1. Nf3 {[%emt 0:00:00][%mdl 512] La partie a obtenu le prix carrefour de la première ronde} Nf6 {[%emt 0:00:00]} 2. g3 {[%emt 0:00:00]} d5 {[%emt 0:00:28]} 3. Bg2 {[%emt 0:00:00]} c6 {[%emt 0:00:19]} 4. O-O {[%emt 0:00:00]} Bg4 {[%emt 0:00:37]} 5. d3 {[%emt 0:00:01]} Nbd7 {[%emt 0:00:05]} 6. h3 {[%emt 0:00:06]} Bh5 {[%emt 0:00:47]} 7. Qe1 {[%emt 0:00:07]} e5 {[%emt 0:02:03]} 8. e4 {[%emt 0:00:42]} dxe4 {[%emt 0:00:29]} 9. dxe4 {[%emt 0:00:04]} Be7 {[%emt 0:02:58]} 10. Nbd2 {[%emt 0:00:42]} O-O {[%emt 0:00:57]} 11. Nc4 {[%emt 0:01:13]} Qc7 {[%emt 0:01:06]} 12. Nh4 {[%emt 0:00:14]} Rfe8 {[%emt 0:04:46]} 13. a4 {[%emt 0:01:33]} Bf8 {[%emt 0:03:58]} (13... Nc5 14. Nf5 Bf8 15. f4 Nfd7 16. g4 Bg6 17. Nxg7 Bxg7 18. f5 Ne6 19. Be3 Nf4 20. Qf2 b5 21. Nd2 a6 22. Rad1 Rad8 23. axb5 axb5 24. Nf3 c5 25. fxg6 hxg6 26. Kh1 c4 27. Nxe5 Bxe5 28. Bxf4 Bxf4 29. Qxf4 Ne5 30. Rd5 b4 31. Rfd1 Ra8 32. Qf6 b3 33. cxb3 cxb3 34. Bf1 Qc2 35. R1d2 Qxe4+ 36. Bg2 Qe1+ 37. Kh2 Rac8 38. R5d4 Rc2 39. Qf4 Rec8 40. Be4 Rxd2+ 41. Rxd2 Rc4 42. Rd8+ Kh7 43. Qf6 {Fressinet,L (2700)-Movsesian,S (2653) Huaian 2016 ½-½}) ({RR} 13... a5 14. Bd2 b6 15. Kh1 Nc5 16. g4 Nfd7 17. f4 b5 18. axb5 cxb5 19. Ne3 Qd8 20. Nhf5 exf4 21. Nd5 Bg6 22. Bxa5 Rxa5 23. Ndxe7+ Rxe7 24. Qxa5 Re8 25. Qxd8 Rxd8 26. Rad1 f6 27. Rxf4 Rb8 28. Rf2 {Giri,A (2798)-Motylev,A (2649) Baku 2015 1-0 (34)}) ({RR} 13... Nc5 14. Nf5 Bf8 15. b4 Ne6 16. Bb2 Nd7 17. f4 exf4 18. gxf4 Bg6 19. Qg3 f6 20. Rad1 Bxb4 21. Ncd6 Bxd6 22. Nxd6 Qb6+ 23. Kh1 Qxb2 24. f5 Qe5 25. Qh4 Re7 26. fxg6 hxg6 27. Nxb7 Ndc5 28. Nd6 {Le,Q (2739)-Piesik,P (2421) chess.com INT 2024 0-1 (40)}) 14. Bg5 {[%emt 0:10:31]} ({RR} 14. Bd2 Nc5 15. Ba5 b6 16. Bc3 Nfd7 17. f4 f6 18. fxe5 fxe5 19. Ne3 Ne6 20. Nef5 Rad8 21. Kh1 Nf6 22. Nh6+ gxh6 23. Rxf6 Nd4 24. Rf2 Bg6 25. Qe3 Qg7 26. Raf1 Be7 27. Nxg6 Qxg6 28. Be1 Rf8 {Nakamura,H (2793)-Pelletier,Y (2541) Zuerich 2017 1-0 (48)}) 14... h6 {[%emt 0:09:28]} 15. Bd2 {[%emt 0:02:28]} Nc5 {[%emt 0:20:31]} 16. b4 $146 {[%emt 0:13:46]} (16. b3 {½-½ Haub,T (2450)-Jackelen,T (2435) BL2-West 0809 2008 (7.5)}) ({RR} 16. b3) 16... Ne6 {[%emt 0:05:20][%cal Ge6d4]} 17. c3 {[%emt 0:00:11]} Rad8 {[%emt 0:02:02]} 18. a5 {[%emt 0:23:25] Les Blancs ont un petit avantage d'espace mais la position Noire est solide} (18. Nf5) 18... b5 $6 {[%emt 0:10:38] Créant des faiblesses à l'aile-dame} 19. axb6 $1 {[%emt 0:00:35]} (19. Ne3 $143 {[%cal Ge3f5]}) 19... axb6 {[%emt 0:00:09]} 20. Be3 $1 {[%emt 0:02:58]} c5 {[%emt 0:00:10]} 21. b5 $1 $14 {[%emt 0:04:53][%csl Rb6,Gc4,Gc6]} Nd4 $1 {[%emt 0:03:22] La pointe} 22. g4 {[%emt 0:00:30]} (22. cxd4 cxd4 {[%csl Rc4,Re3][%cal Gc7c4]}) 22... Nc2 {[%emt 0:05:10]} 23. Qe2 {[%emt 0:00:16]} Nxa1 {[%emt 0:00:09]} 24. Rxa1 {[%emt 0:00:03]} Bg6 {[%emt 0:00:23]} 25. Nxg6 {[%emt 0:02:23]} (25. Nf5 $5) 25... fxg6 {[%emt 0:00:03]} 26. Ra6 $16 {[%emt 0:00:12][%csl Rb6]} Rb8 {[%emt 0:04:20]} 27. Qa2 {[%emt 0:06:21]} Kh7 {[%emt 0:00:04]} 28. f3 {[%emt 0:01:06]} Rb7 {[%emt 0:05:53]} 29. Bf1 $1 {[%emt 0:01:03][%cal Ge3f2,Gc4e3,Gf1c4,Ge3d5] Activant la seule pièce Blanche qui restait hors-jeu} Nd7 {[%emt 0:00:23]} 30. Bf2 {[%emt 0:00:44]} Be7 {[%emt 0:01:10]} 31. Ne3 {[%emt 0:00:36]} Bg5 {[%emt 0:00:52]} 32. Nd5 {[%emt 0:00:55]} (32. Bc4 Bxe3 33. Bxe3 {[%cal Gc4d5]} g5 {[%cal Gd7f8,Gf8g6,Gg6f4]}) 32... Qd6 {[%emt 0:01:03]} 33. Bc4 {[%emt 0:03:38]} Rf8 {[%emt 0:01:07]} 34. Kg2 {[%emt 0:00:23]} Nb8 {[%emt 0:01:14]} 35. Ra3 {[%emt 0:05:05]} Rbf7 {[%emt 0:03:49]} 36. Be2 {[%emt 0:00:05]} Nd7 {[%emt 0:00:45]} 37. Ra7 {[%emt 0:04:45]} Bd8 {[%emt 0:01:23]} 38. Ne3 {[%emt 0:05:58]} Bg5 {[%emt 0:03:45]} 39. Nd5 {[%emt 0:00:47] Une répétition de coups pour passer le contrôle de temps} Bd8 {[%emt 0:00:08]} 40. Bg3 {[%emt 0:03:59]} Qe6 {[%emt 0:04:58]} 41. Ne3 $1 {[%emt 0:31:30][%csl Rf7,Rf8] Après une longue réflexion, les Blancs choisissent d'échanger les  malgré la qualite de moins car les  Noires sont assez mal placées} Qxa2 {[%emt 0:10:45]} 42. Rxa2 {[%emt 0:00:00]} Bg5 {[%emt 0:00:03]} 43. Nd5 {[%emt 0:00:00]} Bf4 {[%emt 0:02:56]} 44. Bh4 {[%emt 0:00:00]} g5 {[%emt 0:02:01]} 45. Bf2 {[%emt 0:00:00]} Bc1 {[%emt 0:02:33]} 46. Be1 {[%emt 0:00:00]} Rd8 {[%emt 0:06:37]} 47. Ra7 {[%emt 0:00:00]} Rf6 $5 {[%emt 0:00:12]} (47... Rff8 $13) 48. Nxf6+ {[%emt 0:00:00]} Nxf6 {[%emt 0:00:02]} 49. Rb7 {[%emt 0:00:00]} Bd2 {[%emt 0:03:58]} 50. Kf1 {[%emt 0:00:00] Le coup naturel joué à tempo mais les Noirs ont une forte réponse} Nxe4 $1 {[%emt 0:00:41][%csl Re1][%cal Gd8f8]} 51. fxe4 {[%emt 0:00:00]} Rf8+ {[%emt 0:00:06]} 52. Bf2 {[%emt 0:00:00]} Be3 {[%emt 0:00:21]} 53. Rxb6 {[%emt 0:00:00]} Bxf2 {[%emt 0:04:28]} 54. Bc4 {[%emt 0:00:17]} Bd4+ {[%emt 0:00:19]} 55. Ke2 {[%emt 0:00:04]} Bxc3 {[%emt 0:00:24]} 56. Be6 $1 {[%emt 0:00:39][%cal Ge6f5]} c4 {[%emt 0:02:07]} 57. Bf5+ {[%emt 0:07:18]} Kg8 {[%emt 0:00:02]} 58. Rc6 {[%emt 0:00:15]} Bd4 {[%emt 0:00:17]} 59. Be6+ {[%emt 0:01:55]} Kh7 {[%emt 0:00:46]} 60. Bxc4 {[%emt 0:00:07][%csl Gb5] Les Blancs ont gagné un  passé très fort mais il y a toujours le risque d'écahnger les  pour transposer en finale de  de couleurs opposées} Rf2+ {[%emt 0:00:23]} 61. Kd3 {[%emt 0:00:04]} Rh2 {[%emt 0:03:44]} (61... Rf1 62. Be6 Rb1 63. Kc4 Rc1+ {La  a une meilleure distance de sécurité alors que le "h3" ne vaut pas grand-chose} 64. Kb4 Rb1+ 65. Bb3 $1 $18) 62. Bf7 $1 {[%emt 0:01:31][%cal Gf7g6,Gc6c8] Menace mat en 2!} Rxh3+ {[%emt 0:00:03] Regagne le  mais après c4, la h3 est mal placée pour contrôler la poussée du "b"} 63. Kc4 {[%emt 0:00:02]} g6 $8 {[%emt 0:00:36]} 64. Bxg6+ {[%emt 0:00:49]} Kg7 {[%emt 0:00:02]} 65. Bf5 {[%emt 0:00:51]} h5 $6 {[%emt 0:01:27] l'échange risque de mettre la  hors-jeu} 66. gxh5 {[%emt 0:01:50]} Rxh5 {[%emt 0:00:02][%csl Rh5]} 67. b6 {[%emt 0:00:19]} Rh1 {[%emt 0:00:40]} 68. b7 {[%emt 0:00:36]} Rb1 {[%emt 0:00:16]} 69. Rc7+ {[%emt 0:00:06]} Kf6 {[%emt 0:00:05]} 70. Kd5 $18 {[%emt 0:00:26]} Rb4 {[%emt 0:01:34]} 71. Kc6 {[%emt 0:00:45]} Rb6+ {[%emt 0:00:30]} 72. Kd7 {[%emt 0:00:06]} Rb4 {[%emt 0:00:11]} 73. Rc6+ {[%emt 0:02:00]} Kf7 {[%emt 0:00:48]} 74. Be6+ {[%emt 0:00:51]} 1-0